Macroeconomics: theory and policy (Record no. 156473)
[ view plain ]
| 000 -LEADER | |
|---|---|
| fixed length control field | 00490nam a2200193Ia 4500 |
| 008 - FIXED-LENGTH DATA ELEMENTS--GENERAL INFORMATION | |
| fixed length control field | 210423s2008 xx 000 0 und d |
| 020 ## - INTERNATIONAL STANDARD BOOK NUMBER | |
| International Standard Book Number | 1000978620 |
| 041 ## - LANGUAGE CODE | |
| Language code of text/sound track or separate title | eng |
| 082 ## - DEWEY DECIMAL CLASSIFICATION NUMBER | |
| Classification number | 339.3 DWID |
| 100 ## - MAIN ENTRY--PERSONAL NAME | |
| Personal name | DWIVEDI (D N) |
| 245 ## - TITLE STATEMENT | |
| Title | Macroeconomics: theory and policy |
| 250 ## - EDITION STATEMENT | |
| Edition statement | 2 |
| 260 ## - PUBLICATION, DISTRIBUTION, ETC. | |
| Place of publication, distribution, etc. | New Delhi |
| Name of publisher, distributor, etc. | Tata McGrawhill |
| Date of publication, distribution, etc. | 2008 |
| 300 ## - PHYSICAL DESCRIPTION | |
| Extent | xv,603 |
| Other physical details | PB |
| 365 ## - TRADE PRICE | |
| Price amount | 210 |
| Currency code | INR |
| 650 ## - SUBJECT ADDED ENTRY--TOPICAL TERM | |
| Topical term or geographic name entry element | Economics |
| 650 ## - SUBJECT ADDED ENTRY--TOPICAL TERM | |
| Topical term or geographic name entry element | Macroeconomics |
| 906 ## - LOCAL DATA ELEMENT F, LDF (RLIN) | |
| a | Macroeconomics: ; policy ; theory |
| Withdrawn status | Lost status | Damaged status | Not for loan | Collection code | Home library | Current library | Date acquired | Source of acquisition | Cost, normal purchase price | Total Checkouts | Full call number | Barcode | Date last seen | Price effective from | Koha item type |
|---|---|---|---|---|---|---|---|---|---|---|---|---|---|---|---|
| Economics | St Aloysius PG Library | St Aloysius PG Library | 01/27/2008 | Higginbothams Pvt Ltd | 210.00 | 339.3 DWID | PG002947 | 08/24/2022 | 04/26/2021 | Book |